000 00560nam a22001697a 4500
005 20251108164958.0
008 250721s1991 xx 000 0 ara d
082 1 4 _a214.1/شيب
100 1 _aإبن أبي شيبه، أبو جعفر محمد بن عثمان
245 1 0 _aكتاب العرش و ما روى فيه /
264 1 _aبيروت :
_bدار الجيل،
_c1991.
300 _a112ص
650 1 7 _aالفرق الإسلامية
700 1 _aالحمود، عبد الله محمد بن حمد
_eتحقيق
942 _2ddc
_cBK
999 _c18933
_d18933